Word Ladder: Guitar Heroes Quiz Stats

 Plays Quiz Updated Apr 22, 2018

Challenge
Share
Tweet
Embed
Score 0/99 Timer 10:00
0 Plays Today
Clue 4-Letter Word % Correct
Dining utensilFORK
93.4%
Strike with the footKICK
93%
Do poorly on a testFAIL
92.2%
Fermented grape beverageWINE
91.8%
Creates a sumADDS
91.7%
♫ Blues legend B. B. _____KING
91.1%
Not frontBACK
90.9%
Bend the arm to display bicepsFLEX
90.8%
'Lemon' and 'Power' drink endingsADES
90.6%
TripFALL
90.5%
Avian appendageWING
90.4%
Make or shapeFORM
90.4%
Round metal currencyCOIN
90.4%
Nerd or geekDORK
90.4%
♫ _____ Clapton of Cream ♫ERIC
90.3%
Cappucino topperFOAM
90.2%
Lessen, like the moonWANE
90.1%
Geometric figure between two pointsLINE
89.9%
MaizeCORN
89.9%
Payment for workWAGE
89.7%
Fail to stay afloatSINK
89.5%
Spherical toyBALL
89.4%
Public recreation areaPARK
89.3%
Brazilian soccer greatPELE
89.3%
Food grown in a paddyRICE
89.3%
HeapPILE
89.2%
Not wellSICK
89.2%
Garment for the footSOCK
89.1%
Bring to 212° FBOIL
89.1%
MinisculeTINY
88.8%
Wingless parasitic insectsLICE
88.7%
Broad smileGRIN
88.6%
Julia Roberts' character BrockovichERIN
88.5%
Clue 4-Letter Word % Correct
♫ _____ Derringer of The McCoys ♫RICK
88.5%
Illegal pitching moveBALK
88.4%
Beach bucketPAIL
88.4%
Common brewsALES
88.3%
Of sound mindSANE
88.1%
Loop in a chainLINK
88.1%
Athletic typeJOCK
87.9%
Train trackRAIL
87.8%
Trigonometric functionSINE
87.8%
Bring togetherJOIN
87.7%
♫ _____ White of The White Stripes ♫JACK
87.5%
___-a-bracBRIC
87.4%
UK resident, for shortBRIT
87.4%
♫ _____ Townshend of The Who ♫PETE
87.2%
Sharp twist or bendKINK
87%
Type of coniferPINE
86.9%
Side benefitPERK
86.8%
♫ Jimmy _____ of Led Zeppelin ♫PAGE
86.5%
Fish food on a hookBAIT
86.5%
Sharp prongTINE
86.3%
♫ Jeff _____ of The Yardbirds ♫BECK
86%
To wind in a spiralCOIL
85.9%
Concave soup holderBOWL
85.7%
♫ Guitar pioneer Les _____PAUL
85.5%
To spring from the pokeyBAIL
85.2%
♫ _____ Knopfler of Dire Straits ♫MARK
85.2%
Rescue, keepSAVE
85.2%
♫ _____ Lifeson of Rush ♫ALEX
85%
Quarter bushelPECK
84.8%
Increase in resourcesGAIN
84.8%
Food and fiber crop FLAX
84.4%
♫ Blues great _____ Lee Hooker ♫JOHN
84.2%
DiscomfortPAIN
84.2%
Clue 4-Letter Word % Correct
Truck manufacturerMACK
84.1%
♫ _____ Hammett of Metallica ♫KIRK
84.1%
Internet conversationCHAT
84%
Rhythmic pulseBEAT
83.7%
DinghyBOAT
83.6%
Protective outerwearCOAT
83.6%
♫ Canadian guitarist _____ Young ♫NEIL
83.1%
Former Cuban President CastroRAÚL
82.8%
Flim's partner in deceptionFLAM
82.5%
Shape into a curveBEND
81.9%
Short daggerDIRK
81.9%
Small rounded object in jewelryBEAD
81.7%
Walking in Memphis songwriter MarcCOHN
81.1%
Pointed fastenerNAIL
80.9%
NogginPATE
80.7%
NéeBORN
79.2%
♫ _____ Mustaine of Megadeth ♫DAVE
78.3%
Hollow dug out placeHOLE
77.6%
To plaster the upper surface of a roomCEIL
77.5%
♫ _____ Iommi of Black Sabbath ♫TONY
76%
♫ Country guitarist _____ Atkins ♫CHET
75.7%
To give outDOLE
74.7%
Former West German capitalBONN
74.5%
Self-improvement guru CarnegieDALE
74.5%
RemuneratedPAID
74.1%
Tear apartREND
74.1%
Surprise attackRAID
73.4%
Very skinnyBONY
71%
♫ Vernon _____ of Living Colour ♫REID
68.4%
Heavyweight boxer RiddickBOWE
63.3%
Short-form for an addressADDY
62.1%
♫ Steve _____ of Yes ♫HOWE
61.2%
♫ _____ Summers of The Police ♫ANDY
60.3%

Today's Daily Dose

Missing Word
'F' Pairs

Word Ladder
Mixed Synonyms

On This Day
August 15th II

You're not logged in!

Compare scores with friends on all Sporcle quizzes.
Join for Free
OR
Log In

You Might Also Like...

Show Comments

Extras

Top Quizzes Today


Score Distribution

Your Account Isn't Verified!

In order to create a playlist on Sporcle, you need to verify the email address you used during registration. Go to your Sporcle Settings to finish the process.

Report this User

Report this user for behavior that violates our Community Guidelines.

Details: